| 000 | 01512nam a22002897a 4500 | ||
|---|---|---|---|
| 005 | 20100803145859.0 | ||
| 010 | _aENG-97881 B-422899-901 | ||
| 020 |
_a9788120339798 _c295.00 |
||
| 035 | _aEN-80414 B-422899-901 | ||
| 037 | _bDBAD/PUB | ||
| 037 | _bK.K.Pub/Ven | ||
| 082 | _a351.54 | ||
| 100 |
_aSarkar,Siuli _928347 |
||
| 245 |
_aPublic administration in India / _cby Siuli Sarkar |
||
| 260 |
_aNew Delhi _bPHI Learning _c2010 |
||
| 270 |
_aM-97, Connaught Circus _bNew Delhi _e110001 |
||
| 300 |
_axii386p _c24cm(pbk) |
||
| 500 | _aincludes index | ||
| 650 |
_aCivil services _928348 |
||
| 650 |
_aPublic administration _928349 |
||
| 942 |
_2ddc _cEN _h351.54 _mSAR |
||
| 999 |
_c38992 _d38992 |
||